[Event "Geller Memorial op-A 6th"]
[Site "Odessa"]
[Date "2010.08.29"]
[Round "9"]
[White "Golovlev, Nikolay"]
[Black "Kovalyov, Eduard"]
[Result "1-0"]
[WhiteElo "2318"]
[BlackElo "2248"]
[PlyCount "147"]
[EventDate "2010.08.21"]
[EventType "swiss"]
[EventRounds "9"]
[EventCountry "UKR"]
[SourceTitle "CBM 138 Extra"]
[Source "ChessBase"]
[SourceDate "2010.10.29"]
[SourceVersion "1"]
[SourceVersionDate "2010.10.29"]
[SourceQuality "1"]

1. d4 g6 2. c4 Bg7 3. Nc3 Nf6 4. e4 0-0 5. f4 d6 6. Nf3 c5 7. d5 e6 8. Be2 exd5 9. cxd5 Re8 10. e5 dxe5 11. fxe5 Ng4 12. Bg5 Qb6 13. 0-0 Nxe5 14. d6 c4+ 15. Kh1 Nd3 16. Bxd3 cxd3 17. Qxd3 Bf5 18. Qd2 Nd7 19. Rad1 Kh8 20. Be7 Qc5 21. Nd5 Rac8 22. Rc1 Qb5 23. Nc7 Qxb2 24. Nxe8 Rxe8 25. Qxb2 Bxb2 26. Rc7 Rb8 27. Ng5 f6 28. Nf7+ Kg7 29. Nd8 Nb6 30. Rxb7 Rxb7 31. Nxb7 Kf7 32. Re1 Nd7 33. Nd8+ Kg7 34. Re3 Bd4 35. Ne6+ Bxe6 36. Rxe6 Kf7 37. Re4 Bb6 38. g3 Ne5 39. Kg2 Ke6 40. Rb4 Nc6 41. Re4+ Ne5 42. Rf4 f5 43. Rf1 Ba5 44. Rc1 Kd7 45. Rc5 Nc6 46. Rb5 Bb6 47. Bf8 Nd4 48. Re5 Ne6 49. Be7 Bc5 50. Rd5 Bb6 51. a4 Kc6 52. Rd1 Nc5 53. Bf6 Kd7 54. Bd4 Nxa4 55. Bxb6 axb6 56. Kf3 Nc3 57. Rd3 Ne4 58. Kf4 h6 59. Rd1 Nc3 60. Rd3 Ne4 61. Rd4 Nf6 62. Rd1 Ne4 63. Rb1 Nf6 64. Ke5 Ng4+ 65. Kd5 Nf6+ 66. Ke5 Ng4+ 67. Kd5 Nf6+ 68. Ke5 Ng4+ 69. Kd4 Nxh2 70. Rxb6 Ng4 71. Kc5 Nf6 72. Rb7+ Kc8 73. Kc6 Nd5 74. d7+ 1-0

[Event "UKR-chT 17th"]
[Site "Alushta"]
[Date "2010.05.14"]
[Round "3.4"]
[White "Golovlev, Nikolay"]
[Black "Fish, Alexandr"]
[Result "1-0"]
[WhiteElo "2333"]
[BlackElo "1869"]
[PlyCount "103"]
[EventDate "2010.05.13"]
[EventType "team-tourn"]
[EventRounds "11"]
[EventCountry "UKR"]
[SourceTitle "EXT 2019"]
[Source "ChessBase"]
[SourceDate "2018.10.10"]
[SourceVersion "1"]
[SourceVersionDate "2018.10.10"]
[SourceQuality "1"]
[WhiteTeam "Cherkasy Etiud"]
[BlackTeam "Krim KRDY"]
[WhiteTeamCountry "UKR"]
[BlackTeamCountry "UKR"]

1. d4 d5 2. c4 e6 3. Nf3 c5 4. e3 Nc6 5. Nc3 Nf6 6. a3 cxd4 7. exd4 dxc4 8. Bxc4 Nd5 9. Ne4 Be7 10. 0-0 0-0 11. Qd3 h6 12. Ba2 b6 13. Re1 Bb7 14. Bb1 f5 15. Nc3 Rf6 16. Ba2 Kh8 17. Nxd5 exd5 18. Bf4 Rc8 19. Re2 Nb8 20. b4 Qd7 21. Rb1 Bd6 22. Be5 Rff8 23. b5 Bxe5 24. Nxe5 Qd6 25. Qg3 Kg8 26. Rbe1 Rce8 27. h4 Nd7 28. Bb1 Nxe5 29. Rxe5 Rxe5 30. Qxe5 Qxe5 31. Rxe5 g6 32. Ba2 Rd8 33. Re7 Bc8 34. Rxa7 Be6 35. Rb7 Rd6 36. a4 Bd7 37. Kf1 Kf7 38. Ke2 Ke7 39. Rb8 Be8 40. Kd2 Kd7 41. Kc3 g5 42. hxg5 hxg5 43. Kb4 Bf7 44. Rb7+ Ke6 45. a5 bxa5+ 46. Kxa5 Rd8 47. b6 Be8 48. Rg7 Ra8+ 49. Ra7 Rxa7+ 50. bxa7 Bc6 51. Kb6 Kd7 52. Kc5 1-0

[Event "Yuzhny op"]
[Site "Yuzhny"]
[Date "2008.09.20"]
[Round "1"]
[White "Nasirov, Ruslan"]
[Black "Golovlev, Nikolay"]
[Result "0-1"]
[WhiteElo "1882"]
[BlackElo "2332"]
[PlyCount "80"]
[EventDate "2008.09.20"]
[EventType "swiss"]
[EventRounds "9"]
[EventCountry "UKR"]
[SourceTitle "CBM 126 Extra"]
[Source "ChessBase"]
[SourceDate "2008.11.05"]
[SourceVersion "1"]
[SourceVersionDate "2008.11.05"]
[SourceQuality "1"]

1. c4 c6 2. e4 e5 3. d4 d6 4. dxe5 dxe5 5. Qxd8+ Kxd8 6. Nf3 f6 7. Be3 Nd7 8. Nc3 Bc5 9. Bxc5 Nxc5 10. 0-0-0+ Kc7 11. h3 a5 12. Rd2 Ne7 13. Be2 Be6 14. Rhd1 Ng6 15. Bf1 Nf4 16. Ng1 Bf7 17. g3 Nfe6 18. Nge2 Bh5 19. Bg2 Rad8 20. f4 Nd4 21. g4 Nxe2+ 22. Nxe2 Bf7 23. b3 Rxd2 24. Rxd2 exf4 25. Nxf4 Re8 26. Rd4 Bg6 27. Nxg6 hxg6 28. Bh1 g5 29. Kc2 Ne6 30. Rd2 Nf4 31. Rh2 Rh8 32. Bg2 Kd6 33. Bf1 Ke6 34. Kd2 Rd8+ 35. Ke3 Rd1 36. Rf2 Re1+ 37. Kd4 Kd7 38. Bg2 Rd1+ 39. Kc3 Ke6 40. Bf1 Ke5 0-1

[Event "Geller Memorial op-A 4th"]
[Site "Odessa"]
[Date "2008.09.16"]
[Round "8"]
[White "Iakymov, Volodymyr"]
[Black "Golovlev, Nikolay"]
[Result "1-0"]
[WhiteElo "2447"]
[BlackElo "2332"]
[PlyCount "51"]
[EventDate "2008.09.09"]
[EventType "swiss"]
[EventRounds "9"]
[EventCountry "UKR"]
[SourceTitle "CBM 126 Extra"]
[Source "ChessBase"]
[SourceDate "2008.11.05"]
[SourceVersion "1"]
[SourceVersionDate "2008.11.05"]
[SourceQuality "1"]

1. e4 e6 2. d4 d5 3. Nd2 Nf6 4. e5 Nfd7 5. f4 c5 6. c3 Nc6 7. Ndf3 Qb6 8. g3 Be7 9. Bh3 cxd4 10. cxd4 0-0 11. Ne2 a5 12. 0-0 a4 13. Kh1 a3 14. bxa3 Bxa3 15. f5 exf5 16. Bxf5 Bxc1 17. Qxc1 Ne7 18. Bd3 Nb8 19. Qg5 Ng6 20. Qh5 h6 21. Nh4 Nxh4 22. gxh4 Qe6 23. Rg1 f5 24. Nf4 Qe7 25. Qxh6 b5 26. Nh5 1-0

[Event "Geller Memorial op-A 4th"]
[Site "Odessa"]
[Date "2008.09.14"]
[Round "6"]
[White "Shevtsov, Nikoliy"]
[Black "Golovlev, Nikolay"]
[Result "1-0"]
[WhiteElo "2325"]
[BlackElo "2332"]
[PlyCount "75"]
[EventDate "2008.09.09"]
[EventType "swiss"]
[EventRounds "9"]
[EventCountry "UKR"]
[SourceTitle "CBM 126 Extra"]
[Source "ChessBase"]
[SourceDate "2008.11.05"]
[SourceVersion "1"]
[SourceVersionDate "2008.11.05"]
[SourceQuality "1"]

1. e4 e6 2. d4 d5 3. Nc3 Nf6 4. Bg5 Bb4 5. e5 h6 6. Be3 Ne4 7. Qg4 Kf8 8. a3 Ba5 9. Nge2 c5 10. dxc5 Nc6 11. b4 Nxe5 12. Qh5 Bc7 13. Nxe4 dxe4 14. Rd1 Qe7 15. Nc3 f5 16. Nb5 Ng4 17. Nxc7 Qxc7 18. Bb5 Nf6 19. Qg6 a6 20. Ba4 Kg8 21. 0-0 Nd5 22. Be8 Qe7 23. c4 Nxe3 24. fxe3 Qf6 25. Rd6 Kf8 26. Qxf6+ gxf6 27. Bd7 Ke7 28. Rfd1 Rd8 29. Rxe6+ Kf7 30. Red6 Bxd7 31. Rxd7+ Rxd7 32. Rxd7+ Ke6 33. Rxb7 Rd8 34. Rb6+ Ke5 35. Rd6 Ra8 36. Rd5+ Ke6 37. c6 Rc8 38. Rc5 1-0

[Event "UKR-chT 15th"]
[Site "Alushta"]
[Date "2008.05.27"]
[Round "8.4"]
[White "Golovlev, Nikolay"]
[Black "Areshchenko, Alexander"]
[Result "0-1"]
[WhiteElo "2336"]
[BlackElo "2650"]
[PlyCount "90"]
[EventDate "2008.05.21"]
[EventType "team-tourn"]
[EventRounds "9"]
[EventCountry "UKR"]
[SourceTitle "EXT 2019"]
[Source "ChessBase"]
[SourceDate "2018.10.10"]
[SourceVersion "1"]
[SourceVersionDate "2018.10.10"]
[SourceQuality "1"]
[WhiteTeam "Cherkasy Etiud"]
[BlackTeam "Kiev Kievchess"]
[WhiteTeamCountry "UKR"]
[BlackTeamCountry "UKR"]

1. d4 Nf6 2. c4 g6 3. Nc3 d5 4. cxd5 Nxd5 5. e4 Nxc3 6. bxc3 Bg7 7. Bc4 c5 8. Ne2 Nc6 9. Be3 0-0 10. 0-0 Bd7 11. Rc1 Rc8 12. Qd2 Qa5 13. d5 Ne5 14. Bb3 Qa6 15. c4 b5 16. Bh6 Bxh6 17. Qxh6 bxc4 18. Bc2 Rb8 19. h3 Rb2 20. Ng3 Qa3 21. Kh2 f6 22. f4 Nf7 23. Qh4 Qc3 24. Rf2 Ba4 25. Ne2 Qe3 26. Bxa4 Rxe2 27. Rxe2 Qxe2 28. Re1 Qxa2 29. Bd7 Qd2 30. e5 Qxd5 31. Ba4 fxe5 32. f5 gxf5 33. Qxe7 e4 34. Kh1 Qe5 35. Qxa7 Kh8 36. Rd1 f4 37. Bb5 c3 38. Bc4 c2 39. Rc1 Nd6 40. Rxc2 f3 41. Bf1 Nf5 42. Qa6 Ng3+ 43. Kg1 f2+ 44. Rxf2 Qd4 45. Qe2 Nxf1 0-1

[Event "UKR-chT 15th"]
[Site "Alushta"]
[Date "2008.05.24"]
[Round "4.1"]
[White "Iljin, Timofey"]
[Black "Golovlev, Nikolay"]
[Result "1/2-1/2"]
[WhiteElo "2440"]
[BlackElo "2336"]
[PlyCount "214"]
[EventDate "2008.05.21"]
[EventType "team-tourn"]
[EventRounds "9"]
[EventCountry "UKR"]
[SourceTitle "EXT 2019"]
[Source "ChessBase"]
[SourceDate "2018.10.10"]
[SourceVersion "1"]
[SourceVersionDate "2018.10.10"]
[SourceQuality "1"]
[WhiteTeam "Donetsk region"]
[BlackTeam "Cherkasy Etiud"]
[WhiteTeamCountry "UKR"]
[BlackTeamCountry "UKR"]

1. d4 Nf6 2. c4 e6 3. Nc3 Bb4 4. e3 Nc6 5. Bd3 d5 6. Nf3 0-0 7. 0-0 a6 8. a3 dxc4 9. Bxc4 Bd6 10. e4 e5 11. d5 Ne7 12. Bg5 Ng6 13. Nh4 h6 14. Nxg6 fxg6 15. Bd2 g5 16. b4 b6 17. Rc1 Kh8 18. Re1 Ng4 19. Rf1 Qe8 20. Be2 Nf6 21. Qc2 Bd7 22. Nd1 Qg6 23. Bd3 Nh5 24. Re1 Nf4 25. Bf1 g4 26. Kh1 Rf7 27. Nb2 Raf8 28. Be3 Nh3 29. Re2 Ng5 30. Bxg5 hxg5 31. Kg1 Qh5 32. Nc4 Rf6 33. Qc3 Bb5 34. Qg3 Rf4 35. Rcc2 Qg6 36. Qb3 R8f6 37. Re1 Bxc4 38. Bxc4 a5 39. Rb2 Rf8 40. Bb5 axb4 41. axb4 Ra8 42. Qd3 Kh7 43. Bd7 Kh8 44. g3 Rf3 45. Qf1 Qh5 46. h3 gxh3 47. Qxh3 Qxh3 48. Bxh3 g6 49. Kg2 Rc3 50. Bd7 Kg7 51. Bb5 Raa3 52. Bd7 Rc4 53. b5 Bb4 54. Ree2 Bc5 55. Rbc2 Rd4 56. Rcd2 Rc4 57. Rc2 Rd4 58. Rc1 Rda4 59. Kh3 Ra2 60. Rxa2 Rxa2 61. f3 Ra3 62. Kg4 Bd6 63. Rf1 Kf6 64. Rf2 Bc5 65. Rh2 Kg7 66. Be6 Bd6 67. Re2 Kf6 68. Rc2 Kg7 69. Rb2 Kf6 70. Rb1 Kg7 71. Rd1 Kf6 72. Rf1 Be7 73. Re1 Bd6 74. Re2 Kg7 75. Rh2 Bc5 76. Bc8 Bd6 77. Bb7 Bc5 78. Bc6 Bd6 79. Rh3 Rc3 80. Be8 Be7 81. Rh1 Ra3 82. Rh2 Bd6 83. Rf2 Kf6 84. Re2 Ra8 85. Bc6 Ra3 86. Rf2 Bc5 87. Rf1 Bd6 88. Bd7 Bc5 89. Be8 Ra8 90. Bd7 Ra3 91. Rh1 Kg7 92. Be6 Bd6 93. Rh2 Bc5 94. Rh3 Bd6 95. Bd7 Bc5 96. Be8 Ra8 97. Bc6 Ra3 98. Rh2 Bd6 99. Rc2 Kf6 100. Rf2 Bc5 101. Rf1 Bd6 102. Kh3 Kg7 103. Bd7 Kf6 104. Bc6 Kg7 105. Bd7 Kf6 106. Bc6 Kg7 107. Bd7 Kf6 1/2-1/2

[Event "Geller Memorial op-A 3rd"]
[Site "Odessa"]
[Date "2007.09.16"]
[Round "9"]
[White "Malaniuk, Vladimir P"]
[Black "Golovlev, Nikolay"]
[Result "1-0"]
[WhiteElo "2522"]
[BlackElo "2321"]
[PlyCount "79"]
[EventDate "2007.09.08"]
[EventType "swiss"]
[EventRounds "9"]
[EventCountry "UKR"]
[SourceTitle "CBM 120 Extra"]
[Source "ChessBase"]
[SourceDate "2007.11.01"]
[SourceVersion "1"]
[SourceVersionDate "2007.11.01"]
[SourceQuality "1"]

1. d4 Nf6 2. Nf3 e6 3. c4 d5 4. e3 c5 5. cxd5 exd5 6. Bb5+ Nc6 7. 0-0 Bd7 8. Nc3 a6 9. Bxc6 bxc6 10. Ne5 Bd6 11. Nxd7 Qxd7 12. dxc5 Bxc5 13. Na4 Ba7 14. b3 0-0 15. Ba3 Rfe8 16. Bc5 Bb8 17. Nb6 Qc7 18. g3 Ra7 19. Rc1 Rb7 20. Na4 Ne4 21. Bd4 Ba7 22. Bxa7 Rxa7 23. Kg2 Qc8 24. Nc5 Ng5 25. Qh5 h6 26. h3 Rae7 27. Qg4 f5 28. Qh5 Kh7 29. h4 g6 30. Qe2 Ne4 31. Qxa6 Qb8 32. Nxe4 fxe4 33. Rxc6 Qe5 34. Rxg6 Qh5 35. Rf6 d4 36. exd4 Rg7 37. Qc6 e3 38. Rxh6+ Qxh6 39. Qxe8 exf2 40. Qe4+ 1-0

[Event "Geller Memorial op-A 3rd"]
[Site "Odessa"]
[Date "2007.09.10"]
[Round "3"]
[White "Goroshkova, Liudmila"]
[Black "Golovlev, Nikolay"]
[Result "0-1"]
[WhiteElo "1984"]
[BlackElo "2321"]
[PlyCount "58"]
[EventDate "2007.09.08"]
[EventType "swiss"]
[EventRounds "9"]
[EventCountry "UKR"]
[SourceTitle "CBM 120 Extra"]
[Source "ChessBase"]
[SourceDate "2007.11.01"]
[SourceVersion "1"]
[SourceVersionDate "2007.11.01"]
[SourceQuality "1"]

1. c4 c6 2. d4 d5 3. Nf3 Nf6 4. e3 e6 5. Bd3 dxc4 6. Bxc4 b5 7. Bd3 a6 8. 0-0 c5 9. Nc3 Bb7 10. Be2 Qb6 11. b3 Nc6 12. dxc5 Bxc5 13. a4 b4 14. a5 Qc7 15. Na4 Bd6 16. Bb2 Nxa5 17. Rc1 Qe7 18. Bd4 0-0 19. Bb6 Nc6 20. Nc5 Nd5 21. Nxb7 Qxb7 22. Bd4 Rfd8 23. Rxc6 Qxc6 24. Qa1 Nc3 25. Bc4 a5 26. Ne5 Bxe5 27. Bxe5 a4 28. Bxc3 axb3 29. Qb2 bxc3 0-1

[Event "Geller Memorial op-A 3rd"]
[Site "Odessa"]
[Date "2007.09.09"]
[Round "2"]
[White "Golovlev, Nikolay"]
[Black "Yurkovskiy, Ivan"]
[Result "1-0"]
[WhiteElo "2321"]
[BlackElo "2140"]
[PlyCount "89"]
[EventDate "2007.09.08"]
[EventType "swiss"]
[EventRounds "9"]
[EventCountry "UKR"]
[SourceTitle "CBM 120 Extra"]
[Source "ChessBase"]
[SourceDate "2007.11.01"]
[SourceVersion "1"]
[SourceVersionDate "2007.11.01"]
[SourceQuality "1"]

1. d4 c5 2. d5 e5 3. Nc3 d6 4. e4 a6 5. a4 b6 6. Nf3 Be7 7. Be2 Nf6 8. 0-0 0-0 9. Nd2 Ne8 10. Nc4 Nd7 11. f4 Bf6 12. Bg4 Rb8 13. Qf3 exf4 14. Bxf4 Qe7 15. Bxd7 Bxd7 16. Rae1 Bd4+ 17. Kh1 f6 18. Qg3 Be5 19. Rf3 b5 20. axb5 axb5 21. Ne3 b4 22. Ncd1 Ra8 23. Nc4 Ra1 24. Nde3 Ra2 25. b3 Nc7 26. Bxe5 fxe5 27. Rxf8+ Qxf8 28. Qh4 Nb5 29. Rf1 Qe8 30. h3 h6 31. Rf3 Nd4 32. Rf2 Ra6 33. Nf5 Bxf5 34. exf5 Qf8 35. f6 g5 36. Qh5 Kh7 37. f7 Ra8 38. Rf6 Qg7 39. Rf2 Qf8 40. Ne3 e4 41. Ng4 Nf3 42. gxf3 e3 43. Re2 Ra7 44. Nxh6 Kg7 45. Qxg5+ 1-0

[Event "Ilichevsk Sunny Pawn op"]
[Site "Ilichevsk"]
[Date "2007.07.25"]
[Round "6"]
[White "Golovlev, Nikolay"]
[Black "Rjanova, Valery"]
[Result "1-0"]
[WhiteElo "2321"]
[BlackElo "1976"]
[PlyCount "63"]
[EventDate "2007.07.20"]
[EventType "swiss"]
[EventRounds "11"]
[EventCountry "UKR"]
[SourceTitle "CBM 119 Extra"]
[Source "ChessBase"]
[SourceDate "2007.09.04"]
[SourceVersion "1"]
[SourceVersionDate "2007.09.04"]
[SourceQuality "1"]

1. d4 Nf6 2. c4 g6 3. g3 Bg7 4. Bg2 0-0 5. Nc3 d6 6. e3 Nbd7 7. Nge2 e5 8. b3 Nh5 9. g4 Nhf6 10. h3 Ne8 11. Bb2 Qh4 12. Qd2 f5 13. gxf5 gxf5 14. dxe5 dxe5 15. Ng3 Ndf6 16. 0-0-0 c6 17. Qc2 f4 18. exf4 Qxf4+ 19. Kb1 Nc7 20. Rhe1 Nfe8 21. Nce4 Qh4 22. Nc5 Qg5 23. Nd3 Bf5 24. Nxf5 Rxf5 25. Be4 Rf7 26. Nxe5 Bxe5 27. Rg1 Qxg1 28. Rxg1+ Bg7 29. Bxh7+ Kh8 30. Qg6 Rd7 31. Qh5 Re7 32. Rg3 1-0

[Event "UKR-chT 14th"]
[Site "Alushta"]
[Date "2007.04.22"]
[Round "1.1"]
[White "Golovlev, Nikolay"]
[Black "Baryshpolets, Andrey"]
[Result "1-0"]
[WhiteElo "2306"]
[BlackElo "2305"]
[PlyCount "67"]
[EventDate "2007.04.22"]
[EventType "team-tourn"]
[EventRounds "9"]
[EventCountry "UKR"]
[SourceTitle "EXT 2019"]
[Source "ChessBase"]
[SourceDate "2018.10.10"]
[SourceVersion "1"]
[SourceVersionDate "2018.10.10"]
[SourceQuality "1"]
[WhiteTeam "Cherkasy Etiud"]
[BlackTeam "Kiev Avangard Youth"]
[WhiteTeamCountry "UKR"]
[BlackTeamCountry "UKR"]

1. d4 Nf6 2. c4 g6 3. Nc3 Bg7 4. e4 d6 5. f4 0-0 6. Nf3 c5 7. d5 e6 8. Be2 exd5 9. cxd5 Bg4 10. 0-0 Re8 11. Nd2 Bxe2 12. Qxe2 a6 13. a4 Nbd7 14. Qf3 Qc7 15. e5 dxe5 16. f5 c4 17. Nde4 Nxe4 18. Nxe4 Nc5 19. Ng5 e4 20. Qh3 h6 21. fxg6 fxg6 22. Nf7 h5 23. Bh6 Rf8 24. Bxg7 Rxf7 25. Bh6 Re8 26. Qc3 Kh7 27. Rxf7+ Qxf7 28. Rf1 Qd7 29. Bf8 Nd3 30. Qxc4 Qd8 31. Rf7+ Kg8 32. d6 Qb6+ 33. Kh1 Rxf8 34. Re7+ 1-0

[Event "Rodatychi op"]
[Site "Rodatychi"]
[Date "2006.09.01"]
[Round "9"]
[White "Golovlev, Nikolay"]
[Black "Nester, Ihor"]
[Result "0-1"]
[WhiteElo "2283"]
[BlackElo "2417"]
[PlyCount "100"]
[EventDate "2006.08.27"]
[EventType "swiss"]
[EventRounds "9"]
[EventCountry "UKR"]
[SourceTitle "EXT 2008"]
[Source "ChessBase"]
[SourceDate "2007.11.25"]
[SourceVersion "1"]
[SourceVersionDate "2007.11.25"]
[SourceQuality "1"]

1. d4 d5 2. c4 dxc4 3. e3 Nf6 4. Bxc4 e6 5. Nf3 a6 6. a4 c5 7. 0-0 Nc6 8. Qe2 b6 9. Rd1 Qc7 10. Nc3 Be7 11. h3 Bb7 12. dxc5 bxc5 13. e4 Nd7 14. Be3 0-0 15. Rac1 Rfd8 16. Ba2 Qb6 17. Bg5 h6 18. Bxe7 Nxe7 19. Bb1 Ng6 20. g3 Nge5 21. Ne1 Nc6 22. Nd3 Nde5 23. Qe3 Nc4 24. Qxc5 Rxd3 25. Qxc4 Rxg3+ 26. Kf1 Rxh3 27. Kg2 Rh5 28. Rd2 Na5 29. Qd4 Qxd4 30. Rxd4 Nb3 31. Rb4 Nxc1 32. Rxb7 Rd8 33. Ra7 a5 34. Nb5 Rg5+ 35. Kf3 Nb3 36. Ke3 Rg1 37. Bc2 Re1+ 38. Kf4 Na1 39. Na3 Nxc2 40. Nxc2 Re2 41. Ne3 Rxf2+ 42. Ke5 Rxb2 43. Rxa5 Rb4 44. Nc2 Rc4 45. Ne3 f6+ 46. Kf4 Rc3 47. Ng2 h5 48. Rxh5 Rdd3 49. Rh2 Rg3 50. e5 g5+ 0-1

[Event "Rodatychi op"]
[Site "Rodatychi"]
[Date "2006.08.31"]
[Round "7"]
[White "Golovlev, Nikolay"]
[Black "Kurayan, Ruslan"]
[Result "1/2-1/2"]
[WhiteElo "2283"]
[BlackElo "2120"]
[PlyCount "104"]
[EventDate "2006.08.27"]
[EventType "swiss"]
[EventRounds "9"]
[EventCountry "UKR"]
[SourceTitle "EXT 2008"]
[Source "ChessBase"]
[SourceDate "2007.11.25"]
[SourceVersion "1"]
[SourceVersionDate "2007.11.25"]
[SourceQuality "1"]

1. d4 d5 2. c4 e6 3. Nf3 Nf6 4. g3 c6 5. Qc2 Be7 6. Bg2 0-0 7. 0-0 b6 8. Nbd2 Bb7 9. b3 Nbd7 10. Bb2 Rc8 11. e4 dxe4 12. Nxe4 c5 13. Nxf6+ Nxf6 14. Rad1 cxd4 15. Nxd4 Bxg2 16. Kxg2 Qc7 17. Qe2 Rfd8 18. Nb5 Qb7+ 19. Qf3 Qxf3+ 20. Kxf3 a6 21. Nc3 Kf8 22. Rxd8+ Rxd8 23. Rd1 Ke8 24. g4 h5 25. g5 Ng4 26. Rxd8+ Kxd8 27. Ne4 f5 28. gxf6 Nxf6 29. Bd4 b5 30. cxb5 axb5 31. a4 bxa4 32. bxa4 Nxe4 33. Kxe4 g5 34. h3 g4 35. hxg4 hxg4 36. Kf4 Bh4 37. Ke5 Kc7 38. Kxe6 Kb7 39. Kd5 Bxf2 40. Bxf2 Ka8 41. Kc6 g3 42. Bg1 Kb8 43. Kb6 Ka8 44. Kc6 Kb8 45. Kd5 Kb7 46. Kc5 Kb8 47. Kb6 Ka8 48. Kc7 g2 49. Kc6 Kb8 50. Kb6 Ka8 51. Bh2 g1Q+ 52. Bxg1 Kb8 1/2-1/2

[Event "Rodatychi op"]
[Site "Rodatychi"]
[Date "2006.08.31"]
[Round "8"]
[White "Najgebauer, Szemjon"]
[Black "Golovlev, Nikolay"]
[Result "0-1"]
[WhiteElo "2096"]
[BlackElo "2283"]
[PlyCount "88"]
[EventDate "2006.08.27"]
[EventType "swiss"]
[EventRounds "9"]
[EventCountry "UKR"]
[SourceTitle "EXT 2008"]
[Source "ChessBase"]
[SourceDate "2007.11.25"]
[SourceVersion "1"]
[SourceVersionDate "2007.11.25"]
[SourceQuality "1"]

1. d4 d5 2. Nf3 c5 3. g3 cxd4 4. Nxd4 e5 5. Nf3 Nc6 6. Bg2 Bc5 7. c4 d4 8. 0-0 Nf6 9. a3 a5 10. b3 0-0 11. Ng5 h6 12. Ne4 Nxe4 13. Bxe4 Bh3 14. Re1 Kh8 15. Ra2 Qe7 16. e3 f5 17. Bxc6 dxe3 18. Bxe3 bxc6 19. Qc1 Rad8 20. Rae2 e4 21. Bxc5 Qxc5 22. Qe3 Qe5 23. f3 Rd4 24. Qf2 Rf6 25. Nd2 Qd6 26. b4 axb4 27. axb4 Rd3 28. fxe4 fxe4 29. Nxe4 Rxf2 30. Nxd6 Rxe2 31. Nf7+ Kh7 32. Rxe2 Rd1+ 33. Kf2 Rf1+ 34. Ke3 Rxf7 35. Kd4 Kg6 36. Kc5 Rf6 37. b5 cxb5 38. Kxb5 Kg5 39. Rd2 Kg4 40. c5 Bf1+ 41. Kb4 Kh3 42. Rd7 Rg6 43. Rd6 Rg4+ 44. Ka5 Bg2 0-1

[Event "UKR-chT 10th"]
[Site "Alushta"]
[Date "2002.04.18"]
[Round "9"]
[White "Zdebskaja, Natalia"]
[Black "Golovlev, Nikolay"]
[Result "1-0"]
[WhiteElo "2329"]
[BlackElo "2263"]
[PlyCount "71"]
[EventDate "2002.04.09"]
[EventType "team-swiss"]
[EventRounds "9"]
[EventCountry "UKR"]
[SourceTitle "EXT 2019"]
[Source "ChessBase"]
[SourceDate "2018.10.10"]
[SourceVersion "1"]
[SourceVersionDate "2018.10.10"]
[SourceQuality "1"]
[WhiteTeam "Kramatorsk Grandmaster III"]
[BlackTeam "Cherkasy Etiud"]
[WhiteTeamCountry "UKR"]
[BlackTeamCountry "UKR"]

1. e4 e6 2. d4 d5 3. Nc3 Nf6 4. Bg5 Bb4 5. e5 h6 6. Bd2 Bxc3 7. Bxc3 Ne4 8. Bd3 Nxc3 9. bxc3 0-0 10. Qg4 c5 11. dxc5 Qc7 12. Qg3 Nd7 13. f4 Nxc5 14. Ne2 b6 15. 0-0 Bb7 16. Rac1 Kh8 17. Nd4 Qe7 18. Rce1 Ne4 19. Bxe4 dxe4 20. f5 Rg8 21. Qh3 exf5 22. Nxf5 Qc5+ 23. Kh1 Bc8 24. Rxe4 Bxf5 25. Rxf5 Rad8 26. Re1 Rd2 27. e6 Rd5 28. Rxf7 Re5 29. Ref1 Qd6 30. Rxa7 Qxe6 31. Qg3 Re2 32. h3 Rxc2 33. Rf8 Rc1+ 34. Kh2 Kh7 35. Qd3+ Kh8 36. Raa8 1-0

[Event "UKR-chT 10th"]
[Site "Alushta"]
[Date "2002.04.17"]
[Round "8"]
[White "Golovlev, Nikolay"]
[Black "Ivanov, Oleg V"]
[Result "0-1"]
[WhiteElo "2263"]
[BlackElo "2350"]
[PlyCount "120"]
[EventDate "2002.04.09"]
[EventType "team-swiss"]
[EventRounds "9"]
[EventCountry "UKR"]
[SourceTitle "EXT 2019"]
[Source "ChessBase"]
[SourceDate "2018.10.10"]
[SourceVersion "1"]
[SourceVersionDate "2018.10.10"]
[SourceQuality "1"]
[WhiteTeam "Cherkasy Etiud"]
[BlackTeam "Kramatorsk Grandmaster"]
[WhiteTeamCountry "UKR"]
[BlackTeamCountry "UKR"]

1. d4 d5 2. c4 c6 3. Nf3 Nf6 4. Nc3 dxc4 5. e4 b5 6. e5 Nd5 7. a4 a5 8. Ng5 Nxc3 9. bxc3 f6 10. Nf3 Nd7 11. Rb1 Ba6 12. Be2 Nb6 13. 0-0 Nd5 14. Qc2 Qc7 15. Nd2 f5 16. Bf3 e6 17. axb5 cxb5 18. Bxd5 exd5 19. Qxf5 Qf7 20. Qg4 Bc8 21. Qg3 b4 22. e6 Qg6 23. Qc7 Qxe6 24. Nf3 Be7 25. Re1 Qd7 26. Rxe7+ Kxe7 27. Bg5+ Kf8 28. Qc5+ Kg8 29. Re1 h6 30. Re7 Qf5 31. Re5 Qf7 32. Re7 Qg6 33. Qxd5+ Kh7 34. Qxa8 Be6 35. Rxe6 Qb1+ 36. Re1 Qxe1+ 37. Nxe1 Rxa8 38. Bc1 b3 39. Kf1 a4 40. Ba3 Rb8 41. Bb2 Ra8 42. Ba3 Rb8 43. Bb2 a3 44. Bxa3 b2 45. Bxb2 Rxb2 46. Nf3 Rc2 47. Ke1 Rxc3 48. Kd2 Ra3 49. Ne5 Ra2+ 50. Ke3 c3 51. Nd3 Rd2 52. Nb4 Rd1 53. h4 Kg6 54. g3 Kf5 55. f3 h5 56. Nc2 Rd2 57. Ne1 Ke6 58. Nd3 Kd5 59. g4 Kc4 60. Ne5+ Kb3 0-1